Europian Geography - Statistics

General Stats
  • This quiz has been taken 314 times
  • The average score is 11 of 15
Answer Stats
clue % Correct
Largest country in the world russia
100%
Capital is Paris france
95%
Known for pizza and pasta italy
95%
Invaded Poland to start world war 2 germany
94%
Borders Portugal and France spain
91%
Ancient mythology has gods such as Zeus. greece
88%
City of Kiev is in this country ukraine
82%
Smallest country in the world vatican city
76%
Renowned for good cheese and chocolate switzerland
71%
Island off the coast of Italy. Known for " Maltese Falcon" malta
67%
Was part of the Austro - Hungarian Empire austria
65%
Borders Germany and the Baltic sea poland
59%
" The sun never sets on the British Empire! " united kingdom
57%
Contains the most busy seaport in the world. netherlands
55%
Game of throne was filmed here croatia
42%
No matching quizzes found
Score Distribution
Percent of People with Each Score
Percentile by Number Answered
Your Score History
You have not taken this quiz